Guess the Fusion Rock Song Lyrics #192 - Statistics

General Stats
  • This quiz has been taken 15 times
  • The average score is 183 of 329
Answer Stats
Answer % Correct
A
100%
a
100%
I
100%
on
92%
to
92%
To
92%
and
85%
go
85%
He
85%
he
85%
the
85%
The
85%
where
85%
why
85%
you
85%
But
77%
don't
77%
in
77%
it's
77%
know
77%
me
77%
No
77%
no
77%
of
77%
There
77%
I'm
69%
like
69%
See
69%
she
69%
She
69%
so
69%
Then
69%
this
69%
Up
69%
up
69%
was
69%
We're
69%
your
69%
fly
62%
For
62%
her
62%
life
62%
that
62%
us
62%
what
62%
Yeah
62%
butterfly
54%
dog
54%
Dog
54%
had
54%
Heart
54%
I'd
54%
my
54%
need
54%
off
54%
reason
54%
try
54%
with
54%
again
46%
air
46%
are
46%
as
46%
at
46%
back
46%
could
46%
down
46%
eye
46%
find
46%
Just
46%
livin
46%
man
46%
Said
46%
looked
38%
sky
38%
tear
38%
together
38%
Well
38%
around
31%
child
31%
getting
31%
give
31%
ground
31%
liked
31%
little
31%
night
31%
old
31%
smiled
31%
tears
31%
world
31%
colder
23%
face
23%
Feels
23%
free
23%
laughing
23%
Laughing
23%
making
23%
man's
23%
Maybe
23%
mind
23%
older
23%
Only
23%
place
23%
possibilities
23%
ran
23%
soft
23%
through
23%
tide
23%
warm
23%
words
23%
world's
23%
young
23%
Another
15%
confusion
15%
crashing
15%
desires
15%
fires
15%
Hearts
15%
inside
15%
ocean
15%
secret
15%
Stranded
15%
strange
15%
taken
15%
true
15%
upon
15%
balanced
8%
begging
8%
frozen
8%
holding
8%
light
8%
Moonlight
8%
roll
8%
Safe
8%
Stealing
8%
stumbled
8%
town
8%
trees
8%
Voice
8%
Wrestling
8%
Below
0%
below
0%
hit
0%
message
0%
rolled
0%
rolling
0%
strangers
0%
No matching quizzes found
Score Distribution
Percent of People with Each Score
Percentile by Number Answered
Your Score History
You have not taken this quiz